LEADER 01349cam a2200325 u 4500 001 000000062974 003 CaOOAMICUS 005 20070226121207.0 008 011016s1986 it u000 u ita u 020 $a8805038903 035 $a10906543 040 $aPUL(R)$bita 041 1 $aita$heng 100 1 $aCragg, Kenneth.$0(OLS)http://pul/name/42809 240 10$aMuhammad and the christian.$lItaliano.$0(OLS)http://pul/title/84000 245 10$aMaometto e il cristiano :$bun problema che attende risposta /$cKenneth Cragg. 260 $aTorino :$bSocietà Editrice Internazionale,$cc1986. 300 $a271 p. ;$c19 cm 490 1 $aIl popolo cristiano 500 $aComprende indici. 504 $aBibliografia: p. 251-253. 650 4$aCristianesimo e altre religioni$xIslamismo.$0(OLS)http://pul/subject/1848 830 3$aIl popolo cristiano.$0(OLS)http://pul/title/39704 850 $aPUL 852 $aPUL$W1$xSL Religione 1$y3$m70 A 96$j81776$nBK-PRI$b $qStampati$B81776$CPULBib$Z2$F81776 $H $81 941 1 $a8 961 $aINV: 54527 996 $6020$a8805038903$9(OLS)http://pul/number/81722 996 $6245$aMaometto e il cristiano :$bun problema che attende risposta$9(OLS)http://pul/title/84001 996 $6260$aTorino :$bSocietà Editrice Internazionale$9(OLS)http://pul/publisher/48746 LEADER 01628nam a2200337 u 4500 001 000000028963 003 CaOOAMICUS 005 20070226111848.0 008 940920s1877 gw u000 u lat u 035 $a10747215 040 $aAAR$bita 100 0 $aEugippius Abbas,$d455-533.$0(OLS)http://pul/name/2639 240 10$aCommemoratorium de vita s. Severini cum epistulis amoeboeis Eugippii et Paschasii diaconi.$0(OLS)http://pul/title/39577 245 10$aEugippii Vita Sancti Severini /$crecensuit et adnotavit Hermannus Sauppe. 260 $aBerolini :$bapud Weidmannos,$c1877. 300 $axx, 36 p. ;$c29 cm 490 1 $aMonumenta Germaniae historica.$aAuctores antiquissimi ;$v1.2 500 $aIndex: p. [33]-36. 500 $a"Hymnus Sancti Severini abbatis": p. [xix]-xx. 600 00$aSeverinus,$cs.,$dm. 482.$2//eng$0(OLS)http://pul/subject/16687 650 0$aChristian saints$xBiography.$2//eng$0(OLS)http://pul/subject/6374 700 1 $aSauppe, Hermann,$d1809-1893.$0(OLS)http://pul/name/23507 740 0 $aVita sancti Severini. 830 0$aMonumenta Germaniae historica.$pAuctores antiquissimi ;$v1.2.$0(OLS)http://pul/title/1405 850 $aPUL 852 $aPUL$W1$xSL Cons. Gen., Altre Classi 1$y1$m2017 A 1.1/2$j118884$nBK-PRI$av. 2 $qStampati$B40172$CPULBib$Z2$F40172 $82 900 $aEugippio,$cabate di Castellum Lucullanum,$dsec. VI$92639 941 1 $a15 996 $6245$aEugippii Vita Sancti Severini$9(OLS)http://pul/title/10450 996 $6740$aVita sancti Severini$9(OLS)http://pul/title/39578 996 $6260$aBerolini :$bapud Weidmannos$9(OLS)http://pul/publisher/48438